La frontera indómita : en torno a la construcción y defensa del espacio poético /
Guardado en:
| Autor Principal: | |
|---|---|
| Formato: | Libro |
| Publicado: |
México :
Fondo de Cultura Económica,
1999
|
| Series: | Espacios para la lectura
|
| Materias: | |
| Etiquetas: |
Agregar Etiqueta
Sin Etiquetas, Sea el primero en etiquetar este registro!
|
| LEADER | 00603nam a22001815a 4500 | ||
|---|---|---|---|
| 001 | CEM.cems012906 | ||
| 005 | 20080611120212.0 | ||
| 008 | 130507s1999##################000#0#####d | ||
| 003 | CEMS | ||
| 020 | |a 9681659724 | ||
| 082 | 0 | 4 | |a 372.6 |
| 100 | 1 | |a Montes, Graciela | |
| 245 | 1 | 0 | |a La frontera indómita : |b en torno a la construcción y defensa del espacio poético / |c Graciela Montes |
| 260 | |a México : |b Fondo de Cultura Económica, |c 1999 | ||
| 300 | |a 120 p. | ||
| 490 | 0 | |a Espacios para la lectura | |
| 653 | |a Literatura infantil-didáctica | ||
| 859 | |a CEMS |b BIB. CEMS - 11 de abril |h 372.6 |i M764-1 |p 25193.08 |t Ej.1 | ||
